000 00912nam a220027701 4500
999 _c5364
_d5364
001 ocn824633984
003 ALUPE UNIVERSITY
005 20220412134133.0
008 000000u19800000xxku 033 uuengur
020 _a0333261178
035 _a(OCoLC)824633984
_z(OCoLC)984479111
_z(OCoLC)993353067
040 _cALUPE UNIVERSITY
050 _aRG107.5
_b.C1 B66 1980
090 0 _aRG107.5 .C9B6 1980
100 1 _aBoon, Mathilde E.,
_d1941-
245 1 0 _aGynaecological cytology :
_ba textbook and atlas /
_cMathilde E. Boon and Mette Lise Tabbers-Boumeester.
260 _aLondon :
_bMacmillan,
_cc1980.
300 _a[vi], 192, 67 p. :
_bill. ;
_c26 cm.
500 _aIncludes bibliographies and index.
650 0 _aCytodiagnosis.
650 0 _aGenerative organs, Female
_xDiseases
_xDiagnosis.
700 1 _aTabbers-Boumeester, M. L.
907 _a.b13336174
942 _2lcc
_cBK
_nJO